000 01932nam a2200553 i 4500
001 5603
003 KOSZ 005
005 20190731112332.0
008 970513s1991 pl a f f |000 0 pol
015 _aPB 1992/2604
035 _a991001264619705066
035 _a(PL-WaBN)b10369399-48omnis_nlop
035 _ab10369399
035 _a(OCoLC)834073997
035 _a(PL)b0000001036939
035 _a(EXLNZ-48OMNIS_NETWORK)9910481888505606
040 _aWA N
_cWA N
_dKOSZ 005/EG
041 _apol
046 _k1991
080 _a517.9
080 _a519.6
080 _a681.5
080 _a(075.8)
245 1 0 _aWybrane metody numerycznego rozwiązywania równań różniczkowych cząstkowych /
_cJózef Korbicz [et al.].
260 _aZielona Góra :
_bWydaw. Wyższej Szkoły Inżynierskiej,
_c1991.
300 _a208 s. :
_bwykr. ;
_c24 cm.
336 _2rdacontent
_aTekst
_btxt
337 _2rdamedia
_aBez urządzenia pośredniczącego
_bn
338 _2rdacarrier
_aWolumin
_bnc
380 _aKsiążki
380 _aPublikacje dydaktyczne
385 _mPoziom nauczania
_aSzkoły wyższe
388 _a1901-2000
388 _a1989-2000
504 _aBibliogr. s. 196-199.
521 _aDla studentów wydz. podstawowych problemów techniki, wydziałów automatyki oraz dla studentów kierunków informatycznych.
650 7 _aAnaliza numeryczna
_2DBN
650 7 _aRównania różniczkowe
_2DBN
650 7 _aSymulacja
_2DBN
655 7 _aPodręczniki akademickie
_2DBN
658 _aMatematyka
700 1 _aKorbicz, Józef
_d(1951- )
_eAutor
700 1 _aZajda, Zbigniew
_d(1950- )
_eAutor
700 1 _aSolnik, Włodzimierz
_eAutor
700 1 _aUciński, Dariusz
_d(1965- )
_eAutor
856 _uhttp://koha.tu.koszalin.pl/cgi-bin/koha/opac-detail.pl?biblionumber=5603
_yKatalog online BPK
942 _2UKD
_cKS
999 _c5603
_d5603